Spatial distribution of the root system of Conilon and Arabica coffee plants (Registro n. 298841)
[ somente texto ]
| 000 -LÍDER | |
|---|---|
| fixed length control field | 03831nab a2200325 i 4500 |
| 003 - CÓDIGO MARC DA AGÊNCIA CATALOGADORA | |
| Campo de controle | BR-BrBNA |
| 005 - DATA E HORA DA ÚLTIMA ATUALIZAÇÃO | |
| Campo de controle | 20240319111438.0 |
| 008 - CAMPO DE TAMANHO FIXO | |
| fixed length control field | 240319b2020 bl.ar|pooa||| 00| 0 eng | |
| 040 ## - FONTE DA CATALOGAÇÃO | |
| Agência catalogadora | BR-BrBNA |
| Idioma da catalogação | eng |
| 072 ## - CATEGORIA AGRIS | |
| Código AGRIS | F50 |
| Código do objeto | 2120 |
| 072 ## - CATEGORIA AGRIS | |
| Código AGRIS | P33 |
| 100 ## - ENTRADA PRINCIPAL - NOME PESSOAL | |
| Nome pessoal | Partelli, Fabio Luiz |
| 100 ## - ENTRADA PRINCIPAL - NOME PESSOAL | |
| Nome pessoal | Cavalcanti, André Cayô |
| 100 ## - ENTRADA PRINCIPAL - NOME PESSOAL | |
| Nome pessoal | Menegardo, Camilo |
| 100 ## - ENTRADA PRINCIPAL - NOME PESSOAL | |
| Nome pessoal | Covre, André Monzoli |
| 100 ## - ENTRADA PRINCIPAL - NOME PESSOAL | |
| Nome pessoal | Gontijo, Ivoney |
| 100 ## - ENTRADA PRINCIPAL - NOME PESSOAL | |
| Nome pessoal | Braun, Heder |
| 245 ## - TÍTULO PRINCIPAL | |
| Título principal | Spatial distribution of the root system of Conilon and Arabica coffee plants |
| 500 ## - NOTA GERAL | |
| Nota geral | <br/>Publicação on-line; 29 ref.; 7 illus.; Summaries (En, Pt) |
| 942 ## - ADDED ENTRY ELEMENTS (KOHA) | |
| Koha item type | |
| 520 ## - NOTA DE RESUMO | |
| Nota de conteúdo | <br/><br/><br/>Abstract – The objective of this work was to evaluate the root system of<br/>Conilon coffee (Coffea canephora) and Arabica coffee (Coffea arabica) plants<br/>in the soil profile, using semivariograms. The evaluations were carried out in<br/>an area located in the municipality of Jaguaré, in the state of Espírito Santo,<br/>Brazil. The Verdebrás G30/G35 Conilon coffee and the Catuaí Vermelho IAC<br/>44 Arabica coffee cultivars were assessed. Soil monoliths with coffee plant<br/>roots were collected at three distances from the trunk in the planting row<br/>and at six distances from the trunk between rows, at six depths. The roots<br/>were collected and washed and then digitized and processed in the Safira<br/>software. The spatial variability of the evaluated attributes was characterized<br/>by the geostatistical technique, through semivariograms, using the GS+ 7.0<br/>software. Root surface area, length, and volume were quantified for the two<br/>coffee species. Conilon coffee plants have a tendency of showing a root system<br/>with a smaller surface area, shorter length, and lower volume by volume of<br/>soil, as well as a less discrepant distribution on soil surface and in deeper<br/>layers, compared with Arabica coffee. <br/><br/><br/>Index terms: Coffea arabica, Coffea canephora,semiovariogram, soil profile |
| 520 ## - NOTA DE RESUMO | |
| Nota de conteúdo | <br/><br/><br/>Resumo – O objetivo deste trabalho foi avaliar o sistema radicular de plantas<br/>de café conilon (Coffea canephora) e café arábica (Coffea arabica) no perfil<br/>do solo, com uso de semivariogramas. As avaliações foram realizadas<br/>em área localizada no município de Jaguaré, no estado do Espírito Santo.<br/>Foram avaliadas as cultivares Verdebrás G30/G35 do café conilon e a<br/>Catuaí Vermelho IAC 44 do café arábica. Monólitos de solo com raízes de<br/>café foram coletados em três distâncias do tronco do cafeeiro, no sentido da<br/>linha, e em seis distâncias do tronco, no sentido da entrelinha de plantio, em<br/>seis níveis de profundidade. As raízes foram coletadas e lavadas e, depois,<br/>digitalizadas e processadas no programa Safira. A variabilidade espacial dos<br/>atributos avaliados foi caracterizada pela técnica geoestatística, por meio<br/>de semivariogramas, com uso do programa GS+ 7.0. A área de superfície, o<br/>comprimento e o volume das raízes foram quantificados para as duas espécies<br/>de café. O café conilon tem tendência de apresentar sistema radicular com<br/>menor área superficial, comprimento e volume de raízes por volume de solo,<br/>bem como com distribuição menos discrepante na superfície do solo e em<br/>profundidade, em comparação ao café arábica.<br/><br/><br/><br/>Termos para indexação: Coffea arabica, Coffea canephora, semivariograma,<br/>perfil do solo. |
| 650 ## - ASSUNTO - THESAGRO | |
| Cabeçalho tópico ou nome geográfico | CAFÉ |
| 650 ## - ASSUNTO - THESAGRO | |
| Cabeçalho tópico ou nome geográfico | SISTEMA RADICULAR |
| 650 ## - ASSUNTO - THESAGRO | |
| Cabeçalho tópico ou nome geográfico | ANÁLISE DO SOLO |
| 650 ## - ASSUNTO - THESAGRO | |
| Cabeçalho tópico ou nome geográfico | ANATOMIA VEGETAL |
| 773 0# - ENTRADA ANALÍTICA | |
| Host Biblionumber | 920 |
| Registro do item | 25800 |
| Imprenta | Brasília-DF Empresa Brasileira de Pesquisa Agropecuária - EMBRAPA 1966- |
| Outro identificador | 2023-436355 |
| Título | Pesquisa Agropecuária Brasileira (Brazil) |
| ISSN | 0100-204X |
| Colação | v. 55 p. 1-9; (2020) |
| Número de controle de registro | BR2024000234 |
| 856 ## - ACESSO E ENDEREÇO ELETRÔNICO | |
| Identificador uniforme de recurso - URI | https://www.scielo.br/j/pab/a/JHx9c8RCCkhYBHyP6mhGRfm/?format=pdf&lang=en |
Nenhum exemplar disponível.

BINAGRI